| 000 | 00604nam a2200145Ia 4500 | ||
|---|---|---|---|
| 005 | 20240606012649.0 | ||
| 008 | 240331s9999 xx 000 0 und d | ||
| 082 |
_bGOT _a362 |
||
| 100 | _aGothoskar, S | ||
| 245 | 0 | _aStruggling to be myself | |
| 260 |
_aMaharashtra _bStreevani, Women's Research Project |
||
| 300 | _av,192 p., | ||
| 500 | _aThis volume contains oral histories of four educated, middle class women who candidly share the traumatic moments of their shattered existences, and their struggles to retrieve their lost human dignity in the face of violence, shame and humiliation. | ||
| 942 | _cL | ||
| 999 |
_c2921 _d2921 |
||